Gaming Quiz

Random Gaming or Nintendo Quiz

Super Smash Bros. 4 Logic Puzzle Quiz Stats

 Plays Quiz not verified by Sporcle

Score 0/25 Timer 20:00
0 Plays Today
Hint Character/Clue % Correct
A1






???
100%
E1






???
50.8%
E5






???
39.1%
A5






???
37.6%
C3






???
28%
D5






???
26.9%
E4






???
25.3%
B1






???
23.2%
C2






???
19.9%
A3






???
19.2%
A2






???
17.3%
C1






???
15.7%
B3






???
15.5%
Hint Character/Clue % Correct
C4






???
14.1%
C5






???
13.1%
B2






???
11%
B4






???
10.8%
D1






???
10.1%
E2






???
9.9%
E3






???
9.9%
A4






???
9.6%
D2






???
9.6%
D3






???
7.6%
D4






???
7.4%
B5






???
4.2%

You're not logged in!

Compare scores with friends on all Sporcle quizzes.
OR
Log In

Sporcle TV

Today on Sporcle TV


Watch our educational content, quiz creation guides, and fun videos on Sporcle TV.

Show Comments

Extras

Top Quizzes Today


Score Distribution

Your Account Isn't Verified!

In order to create a playlist on Sporcle, you need to verify the email address you used during registration. Go to your Sporcle Settings to finish the process.

Report this User

Report this user for behavior that violates our Community Guidelines.

Details: